| 000 | 00698cam a22002415a 4500 | ||
|---|---|---|---|
| 001 | L159706 | ||
| 008 | 150226s2016 xxk f 000 0 eng d | ||
| 035 | _a(Sirsi) u159706 | ||
| 041 | 0 | _aeng | |
| 100 | 1 | _aCreasey, S. | |
| 245 | 0 | 0 | _aManhattan transfer |
| 260 | _c2017 | ||
| 490 |
_aModus _vOctober 2016, 32-33 (2) |
||
| 520 | _aCould New York overtake Silicon Valley as the tech occupier's location of choice? | ||
| 590 | _aKA | ||
| 650 | 2 | 4 | _aSTART-UP BUSINESS UNITS |
| 650 | 2 | 4 | _aTECHNOLOGY CITY |
| 650 | 2 | 4 | _aOFFICE OCCUPIERS |
| 650 | 2 | 4 | _aTECHNOLOGY COMPANIES |
| 651 | 4 |
_aUnited States _y1959- |
|
| 690 | _aPROPERTY-COMMERCIAL PROPERTY-COMMERCIAL PROPERTY MARKET | ||
| 942 | _n0 | ||
| 999 |
_c84926 _d84926 |
||